| 000 | 00410nam a2200181Ia 4500 | ||
|---|---|---|---|
| 008 | 221030s9999 xx 000 0 und d | ||
| 020 | _a8120307577 | ||
| 041 | _aEnglish | ||
| 082 |
_a105.23 _bGre |
||
| 100 | _aP. E. Green | ||
| 245 | 0 | _aResearch For Marketing Decisions | |
| 250 | _a5th | ||
| 260 |
_bPHI _aNew Delhi _c2005 |
||
| 300 | _a784 | ||
| 650 | _aManagement | ||
| 700 | _aD. S. Tull | ||
| 942 | _cBK | ||
| 999 |
_c569 _d569 |
||